Kadrowicze Leo Beenhakkera - Statystyki

Ogólne statystyki
  • Ten quiz został rozwiązany 46 razy
  • Średni wynik to 44 z 91
Statystyki odpowiedzi
Mecze Pozycja Piłkarz % Poprawnych
35 Pomocnik Mariusz Lewandowski
98%
12 Napastnik Robert Lewandowski
98%
24 Bramkarz Artur Boruc
95%
2 Bramkarz Jerzy Dudek
95%
12 Bramkarz Łukasz Fabiański
95%
26 Napastnik Euzebiusz Smolarek
90%
21 Obrońca Jacek Bąk
90%
22 Pomocnik Jakub Błaszczykowski
90%
18 Napastnik Maciej Żurawski
88%
2 Obrońca Marcin Kuś
88%
31 Obrońca Michał Żewłakow
85%
30 Obrońca Marcin Wasilewski
83%
9 Napastnik Ireneusz Jeleń
80%
33 Pomocnik Jacek Krzynówek
78%
6 Obrońca Łukasz Piszczek
78%
21 Pomocnik Roger
78%
4 Bramkarz Wojciech Kowalewski
78%
32 Pomocnik Dariusz Dudka
73%
14 Obrońca Grzegorz Bronowicki
73%
6 Napastnik Grzegorz Rasiak
73%
11 Napastnik Paweł Brożek
73%
1 Obrońca Piotr Brożek
73%
21 Pomocnik Rafał Murawski
73%
2 Napastnik Tomasz Frankowski
73%
15 Obrońca Mariusz Jop
70%
1 Obrońca Arkadiusz Głowacki
68%
2 Bramkarz Tomasz Kuszczak
68%
14 Obrońca Paweł Golański
65%
16 Obrońca Jakub Wawrzyniak
63%
4 Pomocnik Kamil Kosowski
63%
15 Napastnik Radosław Matusiak
63%
1 Pomocnik Grzegorz Krychowiak
58%
12 Pomocnik Radosław Sobolewski
58%
1 Napastnik Dawid Nowak
55%
2 Pomocnik Kamil Grosicki
55%
16 Napastnik Marek Saganowski
55%
5 Obrońca Michał Pazdan
55%
2 Pomocnik Mirosław Szymkowiak
55%
3 Pomocnik Ludovic Obraniak
53%
22 Pomocnik Wojciech Łobodziński
53%
1 Pomocnik Sebastian Mila
50%
13 Napastnik Tomasz Zahorski
50%
1 Napastnik Artur Wichniarek
48%
7 Obrońca Bartosz Bosacki
48%
5 Pomocnik Tomasz Jodłowiec
48%
3 Napastnik Dawid Janczyk
45%
2 Obrońca Grzegorz Wojtkowiak
45%
7 Pomocnik Arkadiusz Radomski
43%
14 Pomocnik Łukasz Garguła
43%
3 Pomocnik Maciej Iwański
43%
3 Obrońca Marcin Kowalczyk
43%
5 Bramkarz Sebastian Przyrowski
43%
3 Obrońca Jakub Rzeźniczak
40%
5 Pomocnik Łukasz Trałka
40%
3 Bramkarz Mariusz Pawełek
40%
1 Napastnik Michał Zieliński
38%
5 Pomocnik Radosław Majewski
38%
3 Pomocnik Marek Zieńczuk
35%
6 Pomocnik Przemysław Kaźmierczak
35%
2 Obrońca Seweryn Gancarczyk
35%
3 Pomocnik Sławomir Peszko
35%
3 Pomocnik Jakub Wilk
33%
4 Obrońca Marcin Komorowski
33%
1 Pomocnik Piotr Giza
33%
4 Pomocnik Szymon Pawłowski
33%
9 Obrońca Adam Kokoszka
28%
2 Obrońca Piotr Celeban
28%
6 Napastnik Rafał Boguski
28%
3 Pomocnik Tomasz Bandrowski
28%
1 Obrońca Tomasz Kiełbowicz
28%
4 Napastnik Bartłomiej Grzelak
25%
1 Napastnik Łukasz Sosin
25%
2 Pomocnik Rafał Grzelak
25%
2 Pomocnik Maciej Małkowski
23%
1 Pomocnik Sebastian Tyrała
23%
2 Pomocnik Konrad Gołoś
18%
2 Pomocnik Piotr Kuklis
18%
1 Obrońca Adam Danch
15%
2 Obrońca Mariusz Pawelec
15%
1 Bramkarz Łukasz Załuska
13%
3 Obrońca Tomasz Lisowski
13%
2 Pomocnik Antoni Łukasiewicz
10%
1 Obrońca Paweł Magdoń
10%
1 Pomocnik Piotr Madejski
10%
4 Obrońca Piotr Polczak
10%
1 Bramkarz Radosław Cierzniak
8%
1 Pomocnik Robert Kolendowicz
8%
1 Pomocnik Adrian Budka
5%
2 Obrońca Grzegorz Bartczak
3%
4 Pomocnik Michał Goliński
3%
1 Pomocnik Piotr Piechniak
3%
Nie znaleziono quizów pasujących do podanych kryteriów
Rozkład punktacji
Procent ludzi z każdym wynikiem
Percentyl według liczby udzielonych odpowiedzi
Twoja historia wyników
Nie rozwiązałeś tego quizu